000 00637nam a22002417a 4500
003 UA-OsUOA
001 118857
007 ta
008 20160923b un ||||| |||| 00| 0 ukr d
100 _aЦимбалюк Є.
090 _a821.161.2
_bЦ61
942 _cBK
040 _aUA-OsUOA
_bukr
_cUA-OsUOA
_dUA-OsUOA
245 _aТри дороги до мами
_bпоезії
300 _a84 с.
955 _a3
041 _aukr
080 _a821.161.2
020 _a978-966-8179-30-3
260 _aРівне
_bОвід
_c2009
650 7 _a82 Література. Літературознавство
_2UDC
999 _c404973
_d404973